[Event "Lliga Catalana DH"]
[Site "?"]
[Date "2018.04.14"]
[Round "11.7"]
[White "Parramon Ros, Francesc"]
[Black "Vinardell Cruañas, Sergi"]
[Result "1-0"]
[WhiteElo "2185"]
[BlackElo "2291"]
[PlyCount "135"]
[EventDate "2018.??.??"]
[WhiteTeam "GER"]
[BlackTeam "OLO"]

1. d4 Nf6 2. Nf3 c5 3. c3 g6 4. Bf4 Bg7 5. e3 O-O 6. h3 d6 7. Be2 b6 8. O-O Bb7
9. Nbd2 cxd4 10. exd4 Nd5 11. Bh2 Bh6 12. Re1 Nd7 13. Bf1 Nf4 14. Ne4 d5 15.
Ned2 Ne6 16. Bd3 Nf4 17. Bf1 Ne6 18. a4 Nf6 19. Ne5 Ne4 20. Nb3 a6 21. Ng4 Bf4
22. Bxf4 Nxf4 23. g3 Ne6 24. Nd2 h5 25. Ne5 N6g5 26. h4 Nxd2 27. Qxd2 Ne4 28.
Qh6 Qd6 29. Bd3 Qf6 30. Re2 Rad8 31. Rae1 e6 32. Kg2 Qg7 33. Qxg7+ Kxg7 34.
Bxe4 dxe4 35. Re3 b5 36. axb5 axb5 37. Ra1 Ra8 38. Rxa8 Rxa8 39. Nd7 Ra2 40.
Nc5 Bd5 41. b4 Kf6 42. Nd7+ Kf5 43. Ne5 Kf6 44. Nd7+ Kf5 45. Ne5 Kf6 46. g4
hxg4 47. Nxg4+ Kg7 48. Kg3 f5 49. Ne5 Kh6 50. f3 exf3 51. Nxf3 Bxf3 52. Kxf3
Ra6 53. Kf4 Kh5 54. Rg3 e5+ 55. dxe5 Kxh4 56. Rg1 Kh3 57. Rh1+ Kg2 58. Rd1 Rc6
59. Rd2+ Kf1 60. Rd6 Rc4+ 61. Kg5 Re4 62. e6 f4 63. Kxg6 f3 64. Kf7 f2 65. e7
Ke2 66. Rf6 f1=Q 67. Rxf1 Kxf1 68. e8=Q 1-0

[Event "Lliga Catalana DH"]
[Site "?"]
[Date "2018.04.14"]
[Round "11.1"]
[White "Alonso Rosell, Alvar"]
[Black "Campos Moreno, Javier"]
[Result "1-0"]
[WhiteElo "2532"]
[BlackElo "2510"]
[PlyCount "99"]
[EventDate "2018.??.??"]
[WhiteTeam "GER"]
[BlackTeam "OLO"]

1. d4 Nf6 2. Nf3 e6 3. e3 c5 4. Bd3 d5 5. b3 Be7 6. O-O O-O 7. Nbd2 Nc6 8. Bb2
b6 9. c4 cxd4 10. exd4 Bb7 11. Rc1 Rc8 12. Qe2 Re8 13. Rfd1 Bf8 14. Nf1 g6 15.
Ne3 Bg7 16. Qe1 Qe7 17. Be2 Red8 18. c5 Ne4 19. cxb6 axb6 20. Rc2 Ng5 21. Nxg5
Qxg5 22. Qd2 h5 23. g3 h4 24. Rdc1 hxg3 25. hxg3 e5 26. dxe5 d4 27. Ng4 Qxd2
28. Rxd2 Nxe5 29. Rxc8 Rxc8 30. Nxe5 Bxe5 31. f4 Bg7 32. Bxd4 Bxd4+ 33. Rxd4
Rc2 34. Bc4 Bc6 35. Rd6 Be4 36. a4 Rg2+ 37. Kf1 Rxg3 38. Rxb6 Rf3+ 39. Ke2 Rxf4
40. Ke3 g5 41. Rb5 Rg4 42. Be2 Rg2 43. Bf1 Rg4 44. Be2 Rg2 45. Kxe4 Rxe2+ 46.
Kf3 Rb2 47. Rxg5+ Kh7 48. Rb5 Kg6 49. a5 f5 50. Rb4 1-0

[Event "Lliga Catalana DH"]
[Site "Barcelona"]
[Date "2018.04.14"]
[Round "11.1"]
[White "Movsziszian, Karen"]
[Black "Ootes, Lars"]
[Result "1-0"]
[WhiteElo "2562"]
[BlackElo "2384"]
[PlyCount "61"]
[EventDate "2018.??.??"]
[WhiteTeam "SAN"]
[BlackTeam "TPE"]

1. g3 g6 2. Bg2 Bg7 3. c4 c5 4. Nc3 Nc6 5. a3 e6 6. b4 Nxb4 7. axb4 cxb4 8. Nb5
Bxa1 9. Qa4 Bf6 10. Qxb4 Ne7 11. Nd6+ Kf8 12. Bb2 Nc6 13. Bxc6 dxc6 14. Nxc8+
Kg7 15. Nd6 c5 16. Bxf6+ Qxf6 17. Qb1 Qd4 18. Ne4 Qxc4 19. Nf3 f6 20. O-O b6
21. Nxf6 Kxf6 22. Qb2+ Ke7 23. Qg7+ Kd6 24. d4 Qxe2 25. Ne5 Kd5 26. Qd7+ Ke4
27. f3+ Ke3 28. dxc5 h5 29. Nc4+ Qxc4 30. Re1+ Kxf3 31. Qd1+ 1-0

[Event "Lliga Catalana DH"]
[Site "Barcelona"]
[Date "2018.04.14"]
[Round "11.2"]
[White "Ballester LLagaria, Luis"]
[Black "Muñoz, Miguel"]
[Result "1/2-1/2"]
[WhiteElo "2349"]
[BlackElo "2525"]
[PlyCount "41"]
[EventDate "2018.??.??"]
[WhiteTeam "TPE"]
[BlackTeam "SAN"]

1. e4 d5 2. exd5 Qxd5 3. Nf3 Bg4 4. Be2 Nc6 5. d4 O-O-O 6. Be3 Bxf3 7. Bxf3 Qb5
8. c3 e5 9. Qb3 Qxb3 10. axb3 exd4 11. cxd4 Bb4+ 12. Nc3 Nge7 13. O-O a5 14.
Rfd1 Kb8 15. g3 Rhe8 16. d5 Ne5 17. Be4 Nc8 18. Bg2 Ng4 19. Bd4 f6 20. Rac1 Re7
21. Na2 1/2-1/2

[Event "Lliga Catalana DH"]
[Site "Barcelona"]
[Date "2018.04.14"]
[Round "11.3"]
[White "Dominguez Pons, Eric"]
[Black "Boix Moreno, Daniel"]
[Result "1/2-1/2"]
[WhiteElo "2447"]
[BlackElo "2328"]
[PlyCount "89"]
[EventDate "2018.??.??"]
[WhiteTeam "SAN"]
[BlackTeam "TPE"]

1. e4 c5 2. Nf3 d6 3. d4 cxd4 4. Qxd4 a6 5. c4 Nc6 6. Qd2 Nf6 7. Nc3 Bg4 8. Be2
g6 9. b3 Bg7 10. Bb2 O-O 11. O-O Qa5 12. Rad1 Rac8 13. Rfe1 e6 14. a3 Rfd8 15.
Qe3 Qc5 16. Qc1 Bxf3 17. Bxf3 Qb6 18. Re3 e5 19. Red3 Nd4 20. Na4 Qc7 21. Bxd4
exd4 22. Rxd4 b5 23. Nc3 bxc4 24. Rxc4 Qb8 25. Nd5 Nxd5 26. exd5 Rxc4 27. Qxc4
Qb6 28. b4 Bb2 29. Qb3 Bd4 30. Qc2 Kg7 31. h4 h5 32. g3 Ra8 33. Rd2 a5 34. Qc4
Be5 35. Qc6 Qd8 36. Rc2 axb4 37. axb4 Ra3 38. Bg2 Qf6 39. Qc4 Bd4 40. Rd2 Ra1+
41. Bf1 Bb6 42. Qd3 Rc1 43. Kg2 Rc3 44. Qe4 Rc1 45. Qd3 1/2-1/2

[Event "Lliga Catalana DH"]
[Site "Barcelona"]
[Date "2018.04.14"]
[Round "11.4"]
[White "Martinez Pla, Xavier"]
[Black "Akbarinia, Sayed Arash"]
[Result "0-1"]
[WhiteElo "2320"]
[BlackElo "2387"]
[PlyCount "96"]
[EventDate "2018.??.??"]
[WhiteTeam "TPE"]
[BlackTeam "SAN"]

1. e4 c6 2. d4 d5 3. e5 Bf5 4. Nf3 e6 5. Be2 h6 6. O-O Ne7 7. Nbd2 Nd7 8. Nb3
Qc7 9. a4 a5 10. c4 dxc4 11. Bxc4 Nb6 12. Bd3 Bxd3 13. Qxd3 Ned5 14. Bd2 Nb4
15. Bxb4 Bxb4 16. Nfd2 O-O-O 17. Nc4 Nxc4 18. Qxc4 Rd5 19. Rac1 Rhd8 20. g3 Kb8
21. Qc2 Qe7 22. Qh7 Qg5 23. Qe4 h5 24. h3 Ka8 25. Kg2 f6 26. exf6 Qxf6 27. Nc5
e5 28. Qf3 Qxf3+ 29. Kxf3 exd4 30. Nd3 Rf8+ 31. Kg2 Re8 32. Rc2 Bd6 33. b3 Kb8
34. Rd1 g5 35. Nb2 h4 36. g4 Kc7 37. Rcd2 Re4 38. Nc4 Bf4 39. Rd3 Bd6 40. Kf3
Rf4+ 41. Kg2 b5 42. axb5 cxb5 43. Ne3 dxe3 44. Rxd5 Rxf2+ 45. Kg1 Bh2+ 46. Kh1
e2 47. Rc1+ Kb6 48. Rf5 Bg3 0-1

[Event "Lliga Catalana DH"]
[Site "Barcelona"]
[Date "2018.04.14"]
[Round "11.5"]
[White "Colon Garcia, Enrique"]
[Black "Gonzalez Verges, Alex"]
[Result "1-0"]
[WhiteElo "2406"]
[BlackElo "2312"]
[PlyCount "73"]
[EventDate "2018.??.??"]
[WhiteTeam "SAN"]
[BlackTeam "TPE"]

1. e4 c5 2. Nf3 d6 3. d4 cxd4 4. Nxd4 Nf6 5. Nc3 a6 6. a3 Nbd7 7. g3 e6 8. Bg2
Be7 9. O-O O-O 10. f4 Qc7 11. g4 Rd8 12. g5 Ne8 13. Kh1 b5 14. f5 Ne5 15. Bf4
Rb8 16. fxe6 fxe6 17. Bh3 Qc4 18. Nce2 Bd7 19. b3 Qc8 20. Qe1 Ng6 21. Bd2 d5
22. Ba5 e5 23. Nf5 d4 24. Nxe7+ Nxe7 25. Qf2 Nd6 26. Bxd8 Qxd8 27. Bxd7 Qxd7
28. Ng3 Rc8 29. Rae1 Qg4 30. Nf5 Nexf5 31. exf5 Qxg5 32. Rxe5 Nf7 33. Re4 h6
34. Qxd4 Qh5 35. Rg4 Ng5 36. Rg2 Qe8 37. f6 1-0

[Event "Lliga Catalana DH"]
[Site "Barcelona"]
[Date "2018.04.14"]
[Round "11.6"]
[White "Gallart Zafra, Jaume"]
[Black "Gonzalez Hernandez, Ferran"]
[Result "0-1"]
[WhiteElo "2298"]
[BlackElo "2317"]
[PlyCount "92"]
[EventDate "2018.??.??"]
[WhiteTeam "TPE"]
[BlackTeam "SAN"]

1. e4 c5 2. Nf3 Nc6 3. d4 cxd4 4. Nxd4 Nf6 5. Nc3 d6 6. Nde2 e5 7. g3 d5 8.
exd5 Nb4 9. Bg5 Bf5 10. Rc1 Bc5 11. h3 h6 12. Bxf6 Qxf6 13. Rh2 Qg6 14. Qd2
Bxc2 15. Ng1 O-O 16. Nf3 e4 17. Nd4 Nd3+ 18. Bxd3 Bxd3 19. Nc2 f5 20. Ne2 Qd6
21. Nf4 Rfe8 22. h4 Rac8 23. Kd1 Qa6 24. a3 Bxc2+ 25. Rxc2 Bb6 26. Rh1 Rxc2 27.
Qxc2 Qb5 28. Re1 Bd4 29. Re2 Be5 30. Kc1 Bxf4+ 31. gxf4 Rd8 32. Rd2 Rxd5 33.
Qc8+ Kh7 34. Rxd5 Qxd5 35. Kb1 a5 36. Qe8 Qd1+ 37. Ka2 Qd5+ 38. Kb1 Qc6 39. Qf7
Qg6 40. Qd5 b6 41. Ka2 Qf6 42. Kb3 Kg6 43. Qb5 Kh5 44. Ka4 Qd4+ 45. Kb3 Qd3+
46. Qxd3 exd3 0-1

[Event "Lliga Catalana DH"]
[Site "Barcelona"]
[Date "2018.04.14"]
[Round "11.7"]
[White "Castellano Egea, Einar"]
[Black "Leiro Giralt, Daniel"]
[Result "1/2-1/2"]
[WhiteElo "2298"]
[BlackElo "2285"]
[PlyCount "32"]
[EventDate "2018.??.??"]
[WhiteTeam "SAN"]
[BlackTeam "TPE"]

1. e4 e5 2. Nf3 Nf6 3. Nxe5 d6 4. Nf3 Nxe4 5. Nc3 Nxc3 6. dxc3 Be7 7. Bf4 Nc6
8. Qd2 Be6 9. Nd4 Nxd4 10. cxd4 d5 11. Bd3 Qd7 12. O-O-O Bd6 13. Bxd6 Qxd6 14.
Qg5 g6 15. Rhe1 Qe7 16. Qd2 O-O-O 1/2-1/2

[Event "Lliga Catalana DH"]
[Site "Barcelona"]
[Date "2018.04.14"]
[Round "11.8"]
[White "Prat Llabres, Joan"]
[Black "Delisau Gil, Oriol"]
[Result "0-1"]
[WhiteElo "2259"]
[BlackElo "2268"]
[PlyCount "66"]
[EventDate "2018.??.??"]
[WhiteTeam "TPE"]
[BlackTeam "SAN"]

1. e4 e5 2. Nf3 Nc6 3. d4 exd4 4. Nxd4 Nf6 5. Nxc6 bxc6 6. e5 Qe7 7. Qe2 Nd5 8.
c4 Ba6 9. b3 g6 10. f4 d6 11. exd6 Qxe2+ 12. Bxe2 Bg7 13. cxd5 Bxe2 14. Kxe2
cxd5 15. Na3 Bxa1 16. Nb5 c6 17. Nc7+ Kd7 18. Kd3 (18. Nxa8 Bf6 19. f5 Rxa8 20.
fxg6 hxg6 21. Rf1 Ke6 22. Ba3 Be5 23. h3 a5 24. Rc1 Kd7 25. Bc5 f5 26. Rc2 Bxd6
27. Rc1 Bxc5 28. Rxc5 Kd6 29. Rc3) 18... Kxd6 19. Nxa8 Bf6 20. f5 Rxa8 21. fxg6
hxg6 22. Rf1 Ke6 23. Ba3 Be5 24. h3 a5 25. Rc1 Kd7 26. Bc5 f5 27. Rc2 Bd6 28.
Rc1 Bxc5 29. Rxc5 Kd6 30. Kd4 a4 31. b4 Re8 32. Kd3 Re4 33. Kc3 Re2 0-1

[Event "Lliga Catalana DH"]
[Site "Barcelona"]
[Date "2018.04.14"]
[Round "11.9"]
[White "Anguera Maestro, Jaume"]
[Black "Aranda Flores, Jordi"]
[Result "1/2-1/2"]
[WhiteElo "2212"]
[BlackElo "2254"]
[PlyCount "81"]
[EventDate "2018.??.??"]
[WhiteTeam "SAN"]
[BlackTeam "TPE"]

1. d4 f5 2. c4 Nf6 3. Nc3 e6 4. g3 Bb4 5. Bd2 O-O 6. Bg2 Nc6 7. Nf3 Ne4 8. d5
Nxd2 9. Qxd2 Ne7 10. Rd1 Qe8 11. a3 Bxc3 12. Qxc3 Ng6 13. dxe6 dxe6 14. Ne5 a5
15. O-O Qe7 16. e3 Qf6 17. Nxg6 Qxc3 18. bxc3 hxg6 19. Rb1 Ra7 20. Rfd1 Kf7 21.
f4 Ke7 22. Rd4 Rd8 23. c5 c6 24. a4 Re8 25. Rd6 Rd8 26. Rbd1 Rxd6 27. Rxd6 Bd7
28. Rd1 Kd8 29. e4 Kc7 30. Rb1 Ra8 31. Kf2 e5 32. fxe5 Re8 33. Ke3 Rxe5 34. Kd4
Re7 35. e5 Be6 36. c4 g5 37. Bf3 Bc8 38. Re1 Kd7 39. Re2 Ke6 40. Bd5+ Kd7 41.
Bg8 (41. Bf7 $1) 1/2-1/2

[Event "Lliga Catalana DH"]
[Site "Barcelona"]
[Date "2018.04.14"]
[Round "11.10"]
[White "Cespedes Llaverias, Llibert"]
[Black "Garcia Lopez, Nicolas"]
[Result "0-1"]
[WhiteElo "2110"]
[BlackElo "2200"]
[PlyCount "86"]
[EventDate "2018.??.??"]
[WhiteTeam "TPE"]
[BlackTeam "SAN"]

1. e4 d6 2. d4 Nf6 3. Nc3 Nbd7 4. Nf3 e5 5. Bc4 Be7 6. O-O c6 7. dxe5 dxe5 8.
a4 a5 9. h3 h6 10. Qe2 Qc7 11. Be3 Nf8 12. Rad1 Ng6 13. Rfe1 O-O 14. Nh2 Bd7
15. Ng4 Nxg4 16. hxg4 Qc8 17. f3 Bh4 18. Rf1 Be6 19. Bxe6 Qxe6 20. Bb6 Qe7 21.
Qe3 Nf4 22. Kh2 Qf6 23. g3 Bg5 24. Qc5 Ne6 25. Qf2 h5 26. gxh5 Qh6 27. Kg2 Qxh5
28. Rd7 Qg6 29. Rfd1 Rfb8 30. Ne2 Bd8 31. Bxd8 Rxd8 32. Rxd8+ Rxd8 33. Rxd8+
Nxd8 34. Qb6 Qd6 35. Qxa5 Kh7 36. Kf2 Ne6 37. Qb6 Qd2 38. Qxb7 Nd4 39. Qa6 Nxc2
40. Qxc6 Qe1+ 41. Kg2 Ne3+ 42. Kh2 Qxe2+ 43. Kh3 Qg2+ 0-1

[Event "Lliga Catalana DH"]
[Site "Barcelona"]
[Date "2018.04.14"]
[Round "11.1"]
[White "Herraiz Hidalgo, Herminio "]
[Black "Exposito Amaro, Josue "]
[Result "1/2-1/2"]
[WhiteElo "2483"]
[BlackElo "2422"]
[PlyCount "46"]
[EventDate "2018.??.??"]
[WhiteTeam "CAT"]
[BlackTeam "PIP"]

1. Nf3 e6 2. g3 f5 3. Bg2 Nf6 4. O-O d6 5. d4 Be7 6. c4 O-O 7. Nc3 a5 8. Qc2
Nc6 9. a3 e5 10. d5 Nb8 11. Ng5 Ng4 12. Ne6 Bxe6 13. dxe6 c6 14. e4 f4 15. Qe2
Nh6 16. Qh5 Na6 17. gxf4 exf4 18. Ne2 Nc5 19. Bxf4 Nxe6 20. Bxh6 gxh6 21. e5
dxe5 22. Qxe5 Qd6 23. Qxd6 Bxd6 1/2-1/2

[Event "Lliga Catalana DH"]
[Site "Barcelona"]
[Date "2018.04.14"]
[Round "11.2"]
[White "Cervello Tost, Ferran "]
[Black "Canal Oliveras, Joan "]
[Result "0-1"]
[WhiteElo "2355"]
[BlackElo "2317"]
[PlyCount "112"]
[EventDate "2018.??.??"]
[WhiteTeam "PIP"]
[BlackTeam "CAT"]

1. d4 f5 2. e4 fxe4 3. Nc3 Nf6 4. Bg5 Nc6 5. f3 d5 6. Bb5 Bf5 7. Bxf6 exf6 8.
fxe4 dxe4 9. d5 a6 10. Ba4 b5 11. Nxb5 axb5 12. Bxb5 Rb8 13. Bxc6+ Bd7 14. Qg4
Rxb2 15. Ne2 Bb4+ 16. c3 Bxc6 17. Qe6+ Be7 18. Qxc6+ Qd7 19. Qc4 Qg4 20. g3 Bc5
21. Rf1 Bd6 22. h3 Bxg3+ 23. Kd1 Qh5 24. Qxe4+ Kd8 25. Rf3 Bd6 26. Nd4 Re8 27.
Qf5 Qxf5 28. Rxf5 Rh2 29. Rb1 Kd7 30. Ne6 Rxa2 31. c4 Rg2 32. c5 Be5 33. c6+
Kd6 34. Nxc7 Kxc7 35. Rb7+ Kd6 36. Rd7+ Kc5 37. c7 Ra8 38. c8=Q+ Rxc8 39. Ke1
Kd4 40. Kf1 Ra2 41. Rf2 Rxf2+ 42. Kxf2 Ke4 43. Rxg7 Rc2+ 44. Ke1 Kxd5 45. Rxh7
Rh2 46. h4 f5 47. h5 f4 48. Kf1 Ke4 49. Re7 Rxh5 50. Kg2 f3+ 51. Kf2 Rh2+ 52.
Kf1 Kf4 53. Kg1 Ra2 54. Re8 Ra1+ 55. Kh2 Ke4+ 56. Kh3 Rh1+ 0-1

[Event "Lliga Catalana DH"]
[Site "Barcelona"]
[Date "2018.04.14"]
[Round "11.3"]
[White "Amigo Vilalta, Jordi "]
[Black "Garcia Ramos, Daniel "]
[Result "1-0"]
[WhiteElo "2322"]
[BlackElo "2336"]
[PlyCount "45"]
[EventDate "2018.??.??"]
[WhiteTeam "CAT"]
[BlackTeam "PIP"]

1. d4 Nf6 2. c4 e6 3. g3 d5 4. Bg2 Bb4+ 5. Bd2 Be7 6. Nf3 O-O 7. O-O dxc4 8.
Qc2 a6 9. Qxc4 b5 10. Qc2 Bb7 11. Rc1 Bd6 12. Bg5 Nbd7 13. Nbd2 c5 14. Bxf6
Qxf6 15. Ne5 Nxe5 16. dxe5 Bxe5 17. Bxb7 Ra7 18. Ne4 Qe7 19. Qxc5 Qxc5 20. Rxc5
Bxb2 21. Rb1 Ba3 22. Rc3 b4 23. Rd3 1-0

[Event "Lliga Catalana DH"]
[Site "Barcelona"]
[Date "2018.04.14"]
[Round "11.4"]
[White "Perez Garcia, Adria "]
[Black "Dalo, Hermes"]
[Result "0-1"]
[WhiteElo "2226"]
[BlackElo "2304"]
[PlyCount "74"]
[EventDate "2018.??.??"]
[WhiteTeam "PIP"]
[BlackTeam "CAT"]

1. e4 e5 2. Nf3 Nc6 3. Bb5 a6 4. Ba4 Nf6 5. O-O Be7 6. Re1 b5 7. Bb3 d6 8. c3
O-O 9. h3 Na5 10. Bc2 c5 11. d4 Nd7 12. Nbd2 exd4 13. cxd4 Nc6 14. d5 Nce5 15.
a4 Rb8 16. axb5 axb5 17. Nxe5 Nxe5 18. f4 Ng6 19. Nf3 f5 20. e5 Bb7 21. e6 Ra8
22. Rb1 Ra6 23. b4 Qa8 24. bxc5 dxc5 25. Rxb5 Bxd5 26. Bd3 Rd6 27. Qe2 Rxe6 28.
Qf2 Rxe1+ 29. Nxe1 Qc6 30. Rb1 c4 31. Bc2 Bc5 32. Be3 Bxe3 33. Qxe3 Re8 34. Qa7
Nxf4 35. Ba4 Qa8 36. Qd7 Rd8 37. Qc7 Ne6 0-1

[Event "Lliga Catalana DH"]
[Site "Barcelona"]
[Date "2018.04.14"]
[Round "11.5"]
[White "Juan Bartroli, Pau "]
[Black "Martinez Lopez, Carlos "]
[Result "1-0"]
[WhiteElo "2322"]
[BlackElo "2199"]
[PlyCount "59"]
[EventDate "2018.??.??"]
[WhiteTeam "CAT"]
[BlackTeam "PIP"]

1. b3 c5 2. Bb2 d5 3. e3 Nf6 4. Nf3 Nc6 5. Bb5 Qb6 6. c4 a6 7. Bxc6+ Qxc6 8.
Ne5 Qc7 9. cxd5 Bf5 10. d3 g6 11. e4 Bc8 12. Nc4 Bg7 13. a4 b6 14. Be5 Qa7 15.
Nc3 O-O 16. O-O Bg4 17. f3 Bd7 18. d4 Nh5 19. Bxg7 Nxg7 20. Rf2 Qc7 21. d6 exd6
22. Nd5 Qd8 23. Ndxb6 Ra7 24. dxc5 Qg5 25. Nxd7 Rxd7 26. cxd6 h5 27. Qd2 Qc5
28. Rd1 Ne6 29. Qd5 Qb4 30. Ne5 1-0

[Event "Lliga Catalana DH"]
[Site "Barcelona"]
[Date "2018.04.14"]
[Round "11.6"]
[White "Garcia Castellote, Daniel "]
[Black "Ballesteros Collazos, Sergio "]
[Result "0-1"]
[WhiteElo "2166"]
[BlackElo "2319"]
[PlyCount "54"]
[EventDate "2018.??.??"]
[WhiteTeam "PIP"]
[BlackTeam "CAT"]

1. e4 g6 2. d4 Bg7 3. c4 d6 4. Nc3 Nf6 5. f3 O-O 6. Bg5 c5 7. d5 e6 8. Nge2 Re8
9. Ng3 h6 10. Be3 exd5 11. cxd5 a6 12. a4 h5 13. Be2 Nbd7 14. O-O h4 15. Nh1
Nh7 16. Qd2 Qe7 17. Nf2 f5 18. Bh6 Bd4 19. exf5 gxf5 20. Rae1 Qf7 21. Kh1 Qg6
22. Nh3 Kh8 23. Ng5 Rg8 24. Qf4 Nxg5 25. Qxh4 Nh7 26. g4 Ne5 27. gxf5 Qg2# 0-1

[Event "Lliga Catalana DH"]
[Site "Barcelona"]
[Date "2018.04.14"]
[Round "11.7"]
[White "Martin Grillo, Ruben"]
[Black "Subirachs Mancebo, Guillem "]
[Result "1/2-1/2"]
[WhiteElo "2306"]
[BlackElo "2229"]
[PlyCount "81"]
[EventDate "2018.??.??"]
[WhiteTeam "CAT"]
[BlackTeam "PIP"]

1. e4 c5 2. Ne2 Nc6 3. Nbc3 e6 4. g3 d5 5. exd5 exd5 6. d4 Nf6 7. Bg2 Be7 8.
O-O O-O 9. Be3 Bg4 10. dxc5 Qd7 11. h3 Be6 12. Kh2 Rfd8 13. Nd4 Rac8 14. Nce2
Nxd4 15. Nxd4 Bxc5 16. c3 Ne4 17. Qd3 Nd6 18. Nxe6 fxe6 19. Bxc5 Rxc5 20. Rfe1
Nc4 21. Re2 Rc6 22. Rd1 Rd6 23. b3 Na5 24. h4 Nc6 25. Bh3 Qf7 26. f4 d4 27. Qc4
e5 28. Qxf7+ Kxf7 29. fxe5 Rd5 30. e6+ Ke7 31. c4 Re5 32. Rxe5 Nxe5 33. Kg2 d3
34. Kf2 Rf8+ 35. Ke3 Rf3+ 36. Ke4 Rxg3 37. Kxe5 Rxh3 38. Rg1 g6 39. Rf1 Re3+
40. Kd4 Rxe6 41. Kxd3 1/2-1/2

[Event "Lliga Catalana DH"]
[Site "Barcelona"]
[Date "2018.04.14"]
[Round "11.8"]
[White "Garcia Castellote, Oscar"]
[Black "Vera Pons, Felipe"]
[Result "1-0"]
[WhiteElo "2200"]
[BlackElo "2298"]
[PlyCount "49"]
[EventDate "2018.??.??"]
[WhiteTeam "PIP"]
[BlackTeam "CAT"]

1. e4 g6 2. d4 Bg7 3. c4 d6 4. Nc3 e5 5. Nge2 Ne7 6. Be3 O-O 7. d5 f5 8. f3 Nd7
9. Qd2 Nf6 10. h3 f4 11. Bf2 g5 12. Nc1 Ng6 13. Nd3 h5 14. c5 Bd7 15. O-O-O Rf7
16. Be2 Bf8 17. c6 bxc6 18. dxc6 Be6 19. Nb4 a5 20. Nbd5 Ne7 21. Nxf6+ Rxf6 22.
Nd5 Rg6 23. Qc3 Kh7 24. Kb1 Bg7 25. Qc2 1-0

[Event "Lliga Catalana DH"]
[Site "Barcelona"]
[Date "2018.04.14"]
[Round "11.9"]
[White "Saez Coma, Alejandro "]
[Black "Moya Arau, Carles"]
[Result "1-0"]
[WhiteElo "2218"]
[BlackElo "2155"]
[PlyCount "153"]
[EventDate "2018.??.??"]
[WhiteTeam "CAT"]
[BlackTeam "PIP"]

1. d4 Nf6 2. Nf3 e6 3. Bf4 Be7 4. e3 O-O 5. Bd3 c5 6. c3 b6 7. h3 Ba6 8. O-O
Bxd3 9. Qxd3 d5 10. Nbd2 Nc6 11. Rfe1 Qd7 12. Rad1 Rfd8 13. Ne5 Nxe5 14. dxe5
Ne8 15. e4 Qc6 16. Qf3 d4 17. c4 b5 18. Qd3 Rdb8 19. Rc1 a5 20. cxb5 Qxb5 21.
Nc4 Qa6 22. Rc2 Ra7 23. Bg3 Nc7 24. f4 Na8 25. Qf3 Rb4 26. b3 a4 27. f5 axb3
28. axb3 exf5 29. exf5 Qb7 30. Qg4 Rxb3 31. f6 Bf8 32. Nd6 Qd7 33. e6 fxe6 34.
f7+ Kh8 35. Rxe6 Rxg3 36. Re8 Qxd6 37. Qxg3 Ra1+ 38. Kh2 Qxg3+ 39. Kxg3 g6 40.
Rxf8+ Kg7 41. Rd8 Kxf7 42. Rxc5 Ra3+ 43. Kf4 d3 44. Rd7+ Ke6 45. Rcd5 Ra4+ 46.
Ke3 Nc7 47. R7d6+ Ke7 48. Rxd3 Ne6 49. Rd7+ Kf6 50. Rxh7 Nf4 51. Rd2 g5 52.
Rhd7 Ra3+ 53. Kf2 Kf5 54. R7d6 g4 55. hxg4+ Kxg4 56. Rd8 Ne6 57. R8d3 Ra4 58.
g3 Ra5 59. Re2 Rf5+ 60. Kg2 Nc5 61. Rd4+ Kg5 62. Rf2 Re5 63. Kh3 Ne6 64. Rg4+
Kh5 65. Rh4+ Kg6 66. Ra2 Ng5+ 67. Kg2 Re6 68. Ra5 Ne4 69. Rah5 Nf6 70. Ra5 Rb6
71. Rha4 Rb2+ 72. Kh3 Rb3 73. Ra6 Kg5 74. R4a5+ Kg6 75. Re5 Kg7 76. Rg5+ Kf7
77. Rf5 1-0

[Event "Lliga Catalana DH"]
[Site "Barcelona"]
[Date "2018.04.14"]
[Round "11.10"]
[White "Llados Clos, Jordi "]
[Black "Vigo Allepuz, David "]
[Result "0-1"]
[WhiteElo "2066"]
[BlackElo "2223"]
[PlyCount "138"]
[EventDate "2018.??.??"]
[WhiteTeam "PIP"]
[BlackTeam "CAT"]

1. e4 e6 2. d4 d5 3. e5 c5 4. c3 Qd7 5. f4 b6 6. Nf3 Ba6 7. Be2 Ne7 8. Be3 Nf5
9. Bf2 h5 10. O-O Be7 11. Nbd2 Bxe2 12. Qxe2 Nc6 13. Nb3 c4 14. Nbd2 b5 15. b3
Rb8 16. b4 a5 17. a3 g6 18. Ng5 Bxg5 19. fxg5 Qe7 20. h4 Kd7 21. g4 hxg4 22.
Qxg4 Rb7 23. Kg2 Rxh4 24. Bxh4 Ne3+ 25. Kg3 Nxg4 26. Kxg4 Ra7 27. Rae1 axb4 28.
axb4 Ra2 29. Rf2 Nd8 30. Re3 Kc7 31. Rh2 Qe8 32. Be1 Ra1 33. Nf3 Qc6 34. Rf2
Qa6 35. Kg3 Rc1 36. Ree2 Qa1 37. Ra2 Qb1 38. Rfe2 Rd1 39. Ra7+ Nb7 40. Raa2 Qf5
41. Rad2 Rc1 42. Ra2 Kb6 43. Rf2 Nd8 44. Ra8 Nc6 45. Raa2 Ne7 46. Ra8 Qe4 47.
Rfa2 Nf5+ 48. Kh2 Rc2+ 49. Rxc2 Qxc2+ 50. Kh3 Qe4 51. Kg2 Qg4+ 52. Kf2 Qg3+ 53.
Ke2 Qg2+ 54. Bf2 Ng3+ 55. Ke3 Ne4 56. Be1 Qc2 57. Rb8+ Kc6 58. Rc8+ Kd7 59. Rf8
Ke7 60. Rb8 Nxc3 61. Rb7+ Ke8 62. Rb8+ Kd7 63. Rb7+ Kc6 64. Rxf7 Qd3+ 65. Kf2
Ne4+ 66. Kg2 c3 67. Bxc3 Qxc3 68. Re7 Qc2+ 69. Kh3 Qf2 0-1

[Event "Lliga Catalana DH"]
[Site "Barcelona"]
[Date "2018.04.14"]
[Round "11.1"]
[White "Alsina Leal, Daniel "]
[Black "Vazquez Schroeder, Rodrigo Rafael"]
[Result "1/2-1/2"]
[WhiteElo "2565"]
[BlackElo "2549"]
[PlyCount "62"]
[EventDate "2018.??.??"]
[WhiteTeam "BAB"]
[BlackTeam "CCS"]

1. e4 e5 2. Nf3 Nc6 3. Bb5 a6 4. Bxc6 dxc6 5. O-O Qf6 6. d4 exd4 7. Bg5 Qd6 8.
Nxd4 Be7 9. Bxe7 Nxe7 10. Nc3 O-O 11. Nde2 Qc5 12. Qd4 Qxd4 13. Nxd4 c5 14.
Nde2 Be6 15. Rfd1 Rfd8 16. Kf1 Nc6 17. Nd5 Bxd5 18. exd5 Ne7 19. c4 Nf5 20.
Rab1 Nd6 21. Rbc1 Re8 22. b3 g5 23. Re1 Kg7 24. Nc3 f5 25. Re6 b5 26. Rxe8 Rxe8
27. cxb5 axb5 28. Nd1 Nb7 29. a4 bxa4 30. bxa4 Ra8 31. Nc3 Nd6 1/2-1/2

[Event "Lliga Catalana DH"]
[Site "Barcelona"]
[Date "2018.04.14"]
[Round "11.2"]
[White "Stella, Andrea "]
[Black "Vila Gazquez, Xavier "]
[Result "1-0"]
[WhiteElo "2429"]
[BlackElo "2530"]
[PlyCount "91"]
[EventDate "2018.??.??"]
[WhiteTeam "CCS"]
[BlackTeam "BAB"]

1. d4 Nf6 2. c4 e6 3. Nc3 Bb4 4. Qc2 Nc6 5. Nf3 d5 6. Bg5 h6 7. Bxf6 Qxf6 8. a3
Bxc3+ 9. Qxc3 O-O 10. e3 a6 11. Be2 Re8 12. O-O dxc4 13. Qxc4 e5 14. dxe5 Nxe5
15. Qxc7 Nxf3+ 16. Bxf3 Qxb2 17. Rfb1 Qe5 18. Qxe5 Rxe5 19. Bxb7 Bxb7 20. Rxb7
Rc8 21. Rb4 Ra5 22. g4 h5 23. h3 hxg4 24. hxg4 Rc3 25. a4 Rd5 26. Rab1 Ra3 27.
Rf4 f6 28. Rb6 Ra5 29. Rbb4 Rc5 30. Rf5 Rc6 31. Ra5 Ra2 32. Kg2 Rcc2 33. Rf4
Rc6 34. Kg3 Kf7 35. Rb4 Kg6 36. Rf4 Rac2 37. Re4 Ra2 38. Rd5 Rcc2 39. Rf4 Rc6
40. Rd7 Rc5 41. Rb4 Rc8 42. Ra7 Kh6 43. Rbb7 Rxa4 44. Rxg7 Rh8 45. f4 Ra5 46.
f5 1-0

[Event "Lliga Catalana DH"]
[Site "Barcelona"]
[Date "2018.04.14"]
[Round "11.3"]
[White "Rizouk, Aimen "]
[Black "Gonzalez Garcia, Jose "]
[Result "1/2-1/2"]
[WhiteElo "2494"]
[BlackElo "2565"]
[PlyCount "59"]
[EventDate "2018.??.??"]
[WhiteTeam "BAB"]
[BlackTeam "CCS"]

1. e4 e6 2. d4 d5 3. Nd2 c5 4. Ngf3 cxd4 5. Nxd4 Nc6 6. Bb5 Bd7 7. Nxc6 bxc6 8.
Bd3 Qc7 9. Qe2 Ne7 10. Nf3 Ng6 11. g3 Bd6 12. h4 f6 13. c4 O-O 14. h5 Ne7 15.
O-O e5 16. Nh4 dxe4 17. Bxe4 f5 18. Bg2 e4 19. Rd1 Be6 20. Bg5 c5 21. h6 Nc6
22. hxg7 Rf7 23. Rac1 Nd4 24. Qe3 Re8 25. Rxd4 cxd4 26. Qxd4 Bc5 27. Qc3 f4 28.
b4 Be7 29. Bxe7 Qxe7 30. Bxe4 1/2-1/2